|
|
|
|
| LEADER |
00000nab a2200000 ar4500 |
| 001 |
vtls008901712 |
| 003 |
SK-MaSNL |
| 005 |
20260303071438.0 |
| 008 |
061127c20061111xo ||||||o| 000 b|hun |
| 015 |
|
|
|a SNBRB2006/11
|2 snkbucl
|
| 038 |
|
|
|a SNKBUCL
|
| 040 |
|
|
|a DSZK
|b slo
|c DSZK
|e AACR2
|
| 041 |
0 |
|
|a hun
|
| 044 |
|
|
|a xo
|c SK
|
| 080 |
|
|
|a 82.09:821.511.141-31=511.141
|x (048)
|2 1997
|
| 080 |
|
|
|a 821.511.141-31=511.141
|x (048)
|2 1997
|
| 100 |
1 |
|
|a Németh, Zoltán,
|d 1970-
|4 aut
|9 102330
|
| 245 |
1 |
0 |
|a Bozsik Péter: Az attentátor
|b Kalligram, Pozsony, 2005
|c Németh Zoltán
|
| 650 |
0 |
7 |
|a dokumentárne romány, maďarské
|x recenzie
|2 snkbucl
|9 1051454
|
| 655 |
|
7 |
|a recenzie
|2 snkbucl
|9 21907
|
| 773 |
0 |
|
|t Új szó
|g Évf. 59, sz. 260 (11.11.2006), o. 9
|
| 787 |
0 |
8 |
|i Rec.:
|a Bozsik, Péter, 1963-
|t Az attentátor
|d Pozsony : Kalligram, 2005
|
| 852 |
|
|
|a SNK
|b KIS3GCP
|
| 852 |
|
|
|a DSZK
|b KIS3GCP
|
| 958 |
|
|
|a HU
|
| 958 |
|
|
|a RC
|
| 958 |
|
|
|a LX
|
| 999 |
|
|
|c 1759937
|d 1761867
|